<?xml version="1.0" encoding="UTF-8"?>
<collection xmlns="http://www.loc.gov/MARC21/slim">
    <record>
        <controlfield tag="001">62471</controlfield>
        <controlfield tag="005">20170921121707.0</controlfield>
        <datafield tag="037" ind1=" " ind2=" ">
            <subfield code="a">TAZ-TFM-2017-216</subfield>
        </datafield>
        <datafield tag="041" ind1=" " ind2=" ">
            <subfield code="a">spa</subfield>
        </datafield>
        <datafield tag="100" ind1="1" ind2=" ">
            <subfield code="a">Pérez Lasierra, José Luis</subfield>
        </datafield>
        <datafield tag="242" ind1="0" ind2="0">
            <subfield code="a">Heart rate variability, maximal oxygen uptake and anaerobic threshold</subfield>
        </datafield>
        <datafield tag="245" ind1="0" ind2="0">
            <subfield code="a">Variabilidad de la frecuencia cardiaca, consumo máximo de oxígeno y umbral anaeróbico</subfield>
        </datafield>
        <datafield tag="260" ind1=" " ind2=" ">
            <subfield code="a">Zaragoza</subfield>
            <subfield code="b">Universidad de Zaragoza</subfield>
            <subfield code="c">2017</subfield>
        </datafield>
        <datafield tag="506" ind1=" " ind2=" ">
            <subfield code="a">by-nc-sa</subfield>
            <subfield code="b">Creative Commons</subfield>
            <subfield code="c">3.0</subfield>
            <subfield code="u">http://creativecommons.org/licenses/by-nc-sa/3.0/</subfield>
        </datafield>
        <datafield tag="520" ind1=" " ind2=" ">
            <subfield code="a">El VO2max y el Umbral anaeróbico (UAn) son dos parámetros ampliamente conocidos y utilizados en el ámbito del ejercicio físico ya sea desde un enfoque posicionado en el rendimiento deportivo o en la salud, pero para conocerlos de forma objetiva son necesarias técnicas complejas y caras. Por otro lado la variabilidad de la frecuencia cardiaca (HRV) representada por diversos indicadores, es un método fácil y barato de valorar la actividad simpática y parasimpática de nuestro sistema nervioso autónomo (SNA), encargado de controlar entre otras variables la frecuencia cardiaca (FC). De ese modo nuestro objetivo es llegar a estimar tanto el VO2max como la FC al UAn a partir de modelos matemáticos que incluyan parámetros de HRV. Para nuestro estudio hemos utilizado 25 sujetos, todos varones entrenados, a los que hemos evaluado el VO2max y la FC al UAn mediante una prueba de esfuerzo máxima en tapiz rodante con analizador de gases, y la HRV mediante un análisis espectrográfico de un registro de FC realizado en una fase de reposo de 5 min con un pulsómetro comercial. Los resultados obtenidos muestran como es posible estimar la FC al UAn a partir de la HRV mediante un modelo matemático que explica un 69,6% (p&lt;0,05) de la variabilidad, pero no es posible estimar el VO2max ya que el modelo matemático resultante no es significativo estadísticamente (p>0,05). Los posibles resultados podrían tener innumerables e innovadoras aplicaciones prácticas, pero somos conscientes de que en este caso están sujetos a ciertos sesgos y limitaciones que sin duda se deberán resolver en futuras investigaciones antes de poder utilizar dichos resultados en una aplicación real.</subfield>
        </datafield>
        <datafield tag="521" ind1=" " ind2=" ">
            <subfield code="a">Máster Universitario en Evaluación y Entrenamiento Físico para la Salud</subfield>
        </datafield>
        <datafield tag="540" ind1=" " ind2=" ">
            <subfield code="a">Derechos regulados por licencia Creative Commons</subfield>
        </datafield>
        <datafield tag="700" ind1=" " ind2=" ">
            <subfield code="a">Casajús Mallén, José Antonio</subfield>
            <subfield code="e">dir.</subfield>
        </datafield>
        <datafield tag="700" ind1=" " ind2=" ">
            <subfield code="a">Garatachea Vallejo, Nuria</subfield>
            <subfield code="e">dir.</subfield>
        </datafield>
        <datafield tag="710" ind1="2" ind2=" ">
            <subfield code="a">Universidad de Zaragoza</subfield>
            <subfield code="b">Fisiatría y Enfermería</subfield>
            <subfield code="c">Educación Física y Deportiva</subfield>
        </datafield>
        <datafield tag="856" ind1="0" ind2=" ">
            <subfield code="f">666654@celes.unizar.es</subfield>
        </datafield>
        <datafield tag="856" ind1="4" ind2=" ">
            <subfield code="s">901835</subfield>
            <subfield code="u">http://zaguan.unizar.es/record/62471/files/TAZ-TFM-2017-216.pdf</subfield>
            <subfield code="y">Memoria (spa)</subfield>
        </datafield>
        <datafield tag="909" ind1="C" ind2="O">
            <subfield code="o">oai:zaguan.unizar.es:62471</subfield>
            <subfield code="p">driver</subfield>
            <subfield code="p">trabajos-fin-master</subfield>
        </datafield>
        <datafield tag="950" ind1=" " ind2=" ">
            <subfield code="a"></subfield>
        </datafield>
        <datafield tag="951" ind1=" " ind2=" ">
            <subfield code="a">deposita:2017-09-21</subfield>
        </datafield>
        <datafield tag="980" ind1=" " ind2=" ">
            <subfield code="a">TAZ</subfield>
            <subfield code="b">TFM</subfield>
            <subfield code="c">FCSHUES</subfield>
        </datafield>
    </record>

    
</collection>